| 000 | 00686nam a2200181 i 4500 | ||
|---|---|---|---|
| 001 | 61465 | ||
| 003 | ES-MaACL | ||
| 005 | 20251221172518.0 | ||
| 007 | t| | ||
| 008 | 031112s1960 sp ||||1| spa d | ||
| 111 | 0 |
_aExposición Velázquez y la Escuela Sevillana _d(1960. _cSevilla) _9714 |
|
| 245 | 1 | 0 | _aCatálogo de la exposición Velázquez y la Escuela sevillana III Centenario de su muerte (1660-1960). |
| 260 |
_aSevilla : _bAcademia de Bellas Artes de Santa Isabel de Hungría, _c1960. |
||
| 300 |
_a30 p., 9 lám. ; _c24 cm. |
||
| 710 | 2 |
_aReal Academia de Bellas Artes de Santa Isabel de Hungría. _96295 |
|
| 852 |
_aES-MaACL _j2039-F-14 _bR.46779 |
||
| 999 |
_c61465 _d61465 |
||